00468nam a22001577a 450000500170000000800410001702000150005804100130007308200140008610000230010024500590012325000190018226000510020130000320025265000260028420231116121108.0231116b |||||||| |||| 00| 0 eng d a1850448884 aEnglish  a343.9 HIL aHill, C lEnglish  aLloyd's List Practical Guides: Maritime Law /cC Hill  aFourth Edition aLondon : bLloyd's of London Press Ltd, c1995 bxlvi, 560 pages ; c25 cm.  aLegal practice bLaw